000 01058nam a22002537a 4500
005 20110725120732.0
008 110725t xxu||||| |||| 00| 0 mar d
010 _aMAR-21138
020 _c200.00
035 _aMR-13796
037 _bDBAD/PUB
040 _aDPL
_bMR
082 _a891.463
100 _930018
_aवाडेकर,छाया
245 _aलेक आली घरा /
_cछाया वाढेकर
246 _aLek Aali Ghara
_bby Chhaya Wadekar
260 _aअमरावती
_bनभ प्रकाशन
_c2010
270 _aशाम नगर,काँग्रेस नगर रोड,
_bअमरावती
300 _a230पृ
_c22सेमी(अजिल्द)
650 _aमराठी कादंबरी
_930059
650 _aMarathi Fiction
_930060
942 _2ddc
_cMR
_mवाडेक
_h891.463
999 _c54376
_d54376